000
00319nam a2200133Ia 4500
008
230523s9999 xx 000 0 und d
100
_a
Pandey, P.K.
245
0
_a
Introduction to Internet of Things and its Applications
260
_a
Allahabad
260
_b
T. Balaji
260
_c
2021
300
_a
424
942
_c
RB
999
_c
2073
_d
2073